000
00278nam a22001097a 4500
008
200225b2005 ck a|||| |||| 00| 0 spa d
020
_6
9789583039072
082
0
4
_a
C
_b
BATp
100
1
_a
Bataillard, Sandrine
_e
autor
_9
918
245
_a
Mandalas /
_c
Sandrine Bataillard
942
_2
ddc
999
_c
6597
_d
6597